| 000 | 00542nam a22001817a 4500 | ||
|---|---|---|---|
| 005 | 20240205170209.0 | ||
| 010 | _aENG-139104 | ||
| 020 |
_a9788170265078 _c695.00 |
||
| 035 | _aEN-122636 | ||
| 037 | _bDBAD/PUB | ||
| 082 | _aS | ||
| 100 |
_aFranda Marcus _961674 |
||
| 245 |
_aPunjabis War and Women: _bThe short stories of gulzar singh sandhu/ _cBy Marcus Franda |
||
| 260 |
_aNew Delhi _bHERITAGE PUBLISHERS _c2022 |
||
| 270 |
_bNew Delhi _a19-A ,Ansari Road,Daryaganj _e110002 |
||
| 300 |
_a271p. _c9cm(hb) |
||
| 942 |
_2ddc _cEN _mFRA _hS |
||
| 999 |
_c200529 _d200529 |
||